|
|
|
|
| LEADER |
00000cam a2200000 a 4500 |
| 001 |
vtls008325658 |
| 003 |
SK-MaSNL |
| 005 |
20260301140805.0 |
| 008 |
230403s1958 xo abc c p 000 | slo |
| 015 |
|
|
|a SNBA1958/09-01293
|
| 020 |
|
|
|q (brožované)
|
| 035 |
|
|
|a SK01SNK19580017875
|
| 035 |
|
|
|a urn:nbn:sk:snk-am3i9j7
|
| 035 |
|
|
|a 63FE1C31-B74A-43FC-A6AE-37E204A0E66C
|
| 035 |
|
|
|a urn:nbn:sk:snk-am00dyiz
|
| 035 |
|
|
|a SKM000020338
|
| 040 |
|
|
|a SNK
|b slo
|c SNK
|e AACR2
|
| 041 |
1 |
|
|a slo
|h cze
|
| 044 |
|
|
|a xo
|c SK
|
| 080 |
|
|
|a 930.9"1640/1950(075.3)
|2 1981
|
| 100 |
1 |
|
|a Charvát, Jaroslav,
|d 1904-1988
|4 aut
|9 108693
|
| 245 |
1 |
0 |
|a Dejepis
|b pokusné učebné texty pre 10. ročník všeobecnovzdelávacích škôl
|c sprac.: Jaroslav Charvát, Marie Pravdová, Vladimír Soják ; do slov. prel.: Ján Hučko a Jozef Butvin
|
| 260 |
|
|
|a Bratislava
|b Slovenské pedagogické nakladateľstvo
|c 1958
|e Zvolen
|f Tlačiarne SNP
|
| 300 |
|
|
|a 192, [4] s.
|b fotografie, ilustrácie, mapy, portréty
|c 8°
|
| 366 |
|
|
|e 3230 kusov
|
| 500 |
|
|
|a Ilustr. Pozn. Mp. Marginálie
|
| 650 |
0 |
7 |
|a dejepis
|2 SNKPH
|9 4288
|
| 650 |
0 |
7 |
|a novovek
|2 SNKPH
|9 4260
|
| 655 |
|
7 |
|a učebnice
|2 SNKPH
|9 22521
|
| 655 |
|
7 |
|a učebnice stredných škôl
|2 SNK
|9 69323
|
| 700 |
1 |
|
|a Pravdová, Marie,
|d 1907-1982
|4 aut
|9 234046
|
| 700 |
1 |
|
|a Soják, Vladimír,
|d 1915-
|4 aut
|9 186103
|
| 700 |
1 |
|
|a Hučko, Ján,
|d 1929-2001
|4 trl
|9 13721
|
| 700 |
1 |
|
|a Butvin, Jozef,
|d 1918-1991
|4 trl
|9 105316
|
| 852 |
|
|
|a Slovenská národná knižnica
|
| 954 |
|
|
|a odborná, vedecká literatúra cudzojazyčná (svetová)
|2 lita
|
| 958 |
|
|
|a OND
|
| 958 |
|
|
|a RK
|
| 958 |
|
|
|a TL
|
| 958 |
|
|
|a UC
|
| 958 |
|
|
|a CZ
|
| 958 |
|
|
|a OP
|
| 958 |
|
|
|a EUIPO
|
| 999 |
|
|
|c 765015
|d 766945
|
| 952 |
|
|
|a SNK
|b SNK
|y PREZ
|7 0
|p 17A0837671
|o snkSC 11963
|i snkKSP 2939/58
|0 0
|1 0
|4 0
|d 2012-08-23
|f 1
|l 0
|r 2025-07-11 00:00:00
|w 2026-02-24
|
| 952 |
|
|
|t P60, <04>, [BOOK], {604}
|a SNK
|b SNK
|y VYP
|7 0
|p 17A0159559
|o snkSC 11963 D1
|0 0
|1 0
|4 0
|d 1998-09-17
|l 0
|r 2005-01-02 00:00:00
|w 2026-02-24
|